=LDR 00000nam 2200000 4500 =001 INLIS000000000000736 =005 20130612085152 =008 ***********************************Ind** =035 ##$$0010-061300000000736 =041 ##$$a Ind =082 ##$$a 572.81 =090 ##$$a 872.81, Sit-m =100 ##$$a Sitanggang, Hilderia =245 ##$$a Mengenal suku anak dalam, Hilderia Sitanggang =260 ##$$a 1995 $b Jakarta =300 ##$$a v, 39 hlm, ilus, 21 cm =650 ##$$a Etnologi =850 ##$$a NBPNMAT